LEADER 01117nam0 22002771i 450 001 UON00440858 005 20231205104949.80 010 $a978-12-367-3537-9 100 $a20140611d2013 |0itac50 ba 101 $aswe 102 $aSE 105 $a|||| 1|||| 200 1 $aI vårbrytningen$fStrindberg August 210 $aMemphis$cGeneral Books$d2013 215 $a47 p.$d25 cm. 620 $aUS$dMemphis$3UONL003106 676 $a839.736$cNarrativa svedese. 1800-1900$v21 700 1$aSTRINDBERG$bJohan August$3UONV134892$0126055 712 $aGeneral Books$3UONV277656$4650 801 $aIT$bSOL$c20240220$gRICA 899 $aSIBA - SISTEMA BIBLIOTECARIO DI ATENEO$2UONSI 912 $aUON00440858 950 $aSIBA - SISTEMA BIBLIOTECARIO DI ATENEO$dSI Sved A STR $eSI 11186 7 951 $aSIBA - SISTEMA BIBLIOTECARIO DI ATENEO$bSI2014345 1J 20140611 996 $aI vårbrytningen$91327103 997 $aUNIOR